Host cities of the 2026 World Cup - Statistics

General Stats
  • This quiz has been taken 21 times
  • The average score is 13 of 16
Answer Stats
Stadium City % Correct
SoFi Stadium Los Angeles
95%
Estadio Azteca Mexico
95%
MetLife Stadium New York
95%
BMO Field Toronto
95%
Hard Rock Stadium Miami
90%
BC Place Vancouver
90%
Levi's Stadium San Francisco
85%
AT&T Stadium Dallas
80%
Lumen Field Seattle
80%
Gillette Stadium Boston
75%
Mercedes-Benz Stadium Atlanta
70%
Estadio Akron Guadalajara
70%
NRG Stadium Houston
70%
Estadio BBVA Monterrey
65%
Arrowhead Stadium Kansas City
50%
Lincoln Financial Field Philadelphia
50%
No matching quizzes found
Score Distribution
Percent of People with Each Score
Percentile by Number Answered
Your Score History
You have not taken this quiz